000 01069cam a2200253 4500
001 WB4025-09
008 040630n2004 000 0 eng u
035 _a(Sirsi) u126656
245 _aRenewable energy progress in Scotland
260 _c2004
490 _aScottish Executive Press Release
_v(SEel357) 30 June 2004 (2)
520 _aThe report "Renewable energy in Scotland" has recently been published by Scottish Parliament's Enterprise and Culture Committee. Charts the progress towards developing a mix of renewable energy sources to meet a target of 40% of electricity generated in Scotland from renewable energy sources by 2020. The report is available at http://www.scottish.parliament.uk/enterprise/repor ts/elr04-06-01.htm. http://www.scotland.gov.uk/pages/news/2004/06/SEel 357.aspx
590 _aWB
590 _aWB
650 _aRENEWABLE ENERGY
650 _aSCOTLAND
650 _aWIND POWER
650 _aTIDAL POWER
650 _aWAVE POWER
650 _aSOLAR POWER
650 _aBIOMASS
690 _aENERGY
_96237
942 _n0
999 _c117626
_d117626